000
00319nam a2200133Ia 4500
005
20260326235441.0
008
260326s9999||||xx |||||||||||||| ||und||
100
_a
Papadaki, Stamo
245
0
_a
Oscar Niemeyer /
_c
Stamo Papadaki
260
_b
George Brazilier
300
_a
127 p.
650
_a
ARQUITECTOS
942
_c
BK
999
_c
7418
_d
7418